00399nam a2200145Ia 4500008004100000020001500041041000800056082001800064100004000082245005600122250000600178260003900184300001300223650001700236210716s2005 xx 000 0 und d a8131715833 aeng a005.2766 DEIH aDeitel, H M;Deitel, P J;Nieto, T R. aVisual basic .Net: how to program.bHow to program. a2 aNew DelhibPearson Educationc2005 aLlv,1517 aVisual Basic